Largest Countries in Europe - Statistics

General Stats
  • This quiz has been taken 33 times
  • The average score is 6 of 7
Answer Stats
Size (Square Miles) Country % Correct
248,573 France
100%
195,364 Spain
100%
137,988 Germany
97%
233,062 Ukraine
93%
130,666 Finland
80%
148,728 Norway
77%
173,860 Sweden
27%
No matching quizzes found
Score Distribution
Percent of People with Each Score
Percentile by Number Answered
Your Score History
You have not taken this quiz